|
|
|
|
| LEADER |
00000nam0a2200000 4500 |
| 001 |
106562 |
| 005 |
20231031114941.0 |
| 010 |
|
|
|a 5936303748
|
| 029 |
1 |
0 |
|a RU
|b 42-01-2002
|c СНиП
|
| 035 |
|
|
|a (RuTPU)RU\TPU\book\115043
|
| 090 |
|
|
|a 106562
|
| 100 |
|
|
|a 20061211d2004 k y0rusy50 ca
|
| 101 |
0 |
|
|a rus
|
| 102 |
|
|
|a RU
|
| 105 |
|
|
|a a l 000zy
|
| 200 |
1 |
|
|a Газораспределительные системы. СНиП 42-01-2002
|
| 210 |
|
|
|a СПб.
|c Деан
|d 2004
|
| 215 |
|
|
|a 80 с.
|c ил.
|
| 225 |
1 |
|
|a Безопасность труда России
|
| 225 |
1 |
|
|a Строительные нормы и правила Российской Федерации
|
| 229 |
|
|
|a Вводятся в действие с 1 июля 2003 г.
|
| 610 |
1 |
|
|a строительство
|
| 610 |
1 |
|
|a газоснабжение
|
| 610 |
1 |
|
|a газораспределение
|
| 610 |
1 |
|
|a газораспределительные системы
|
| 610 |
1 |
|
|a нормы
|
| 610 |
1 |
|
|a правила
|
| 610 |
1 |
|
|a санитарные правила и нормы
|
| 610 |
1 |
|
|a СНиП 42-01-2002
|
| 610 |
1 |
|
|a СНиПы
|
| 610 |
1 |
|
|a наружные газопроводы
|
| 610 |
1 |
|
|a газорегуляторные пункты
|
| 610 |
1 |
|
|a сжиженные газы
|
| 675 |
|
|
|a 696.2(083)
|v 3
|
| 801 |
|
1 |
|a RU
|b 63413507
|c 20061211
|g PSBO
|
| 801 |
|
2 |
|a RU
|b 63413507
|c 20221206
|g PSBO
|
| 942 |
|
|
|c BK
|